Actually Romantic - Taylor Swift (All Lyrics) - Statistics

General Stats
  • This quiz has been taken 407 times
    323 since last reset
  • The average score is 255 of 282
Answer Stats
Lyrics % Correct
a
100%
actually
100%
I
100%
it
100%
It
100%
it's
100%
It's
100%
(It's
100%
the
100%
you
100%
you,
100%
You
100%
me
99%
romantic
99%
Romantic
99%
All
98%
he
98%
sweet
98%
to
98%
got
97%
in
97%
you've
97%
(You've
97%
do
96%
ever
96%
like
96%
Like
96%
loved
96%
man
96%
No
96%
on
96%
talking
96%
time
96%
call
95%
has
95%
heard
95%
we
95%
your
95%
Barbie"
94%
"Boring
94%
honestly
94%
put
94%
said
94%
spent
94%
then
94%
when
94%
you're
94%
effort
93%
really
93%
Really
93%
dirty
92%
my
92%
(Oh)
92%
and
91%
And
91%
But
91%
but
91%
hand
91%
so
91%
so)
91%
Stop
91%
think
91%
wild
91%
baby
89%
'bout
89%
coke's
89%
ghosted
89%
how
89%
How
89%
of
89%
that
89%
are
88%
flirting
88%
glad
88%
gotta
88%
her?"
88%
with
88%
always
87%
I'm
87%
"Why
87%
boyfriend
86%
ex
85%
Feels
85%
at
84%
kind
83%
making
83%
many
83%
don't
82%
High
82%
hurts
82%
much
82%
times
82%
brave
80%
tacky,
80%
be
79%
fived
79%
off
79%
That's
79%
wet
79%
purse
78%
see
78%
barking
77%
tiny
77%
face
76%
from
76%
funny
76%
know
76%
nasty,
76%
valentines
76%
business,
75%
long
75%
mind
75%
'Cause
74%
thought
74%
toy
74%
witness
74%
chihuahua
73%
sending
73%
keep
72%
God's
71%
provoke
71%
Some
71%
song
71%
makes
70%
might
70%
sick
70%
Wrote
70%
offended
69%
sounded
69%
comes
68%
ooh
68%
people
68%
adorable
67%
Hadn't
67%
precious,
67%
lovely
66%
saying
65%
vicious
63%
just
59%
attention;
46%
given
46%
la
30%
la)
30%
No matching quizzes found
Score Distribution
Percent of People with Each Score
Percentile by Number Answered
Your Score History
You have not taken this quiz since the last reset